00957nam a2200241 a 4500001000200000003000900002005001700011008004100028040002600069082002900095100003100124245012200155246004300277260003600320300003400356490002300390500001300413600007700426650006700503650005700570650002300627651006500650 DO-SdBNP20220127102234.0090716s2008 dr a 000 0bspa d aDO-SdBNPbspacBPMSU  a282.7293bC531i 2008222 aChez Checo, José,d1949-13aLa Iglesia católica y el final de la dictadura de Trujillo :bentrevista a Mns. Roque Adames /cJosé Chez Checo.14aEntrevista a monseñor Roque Adames / aSanto Domingo :bBúho,c2008. a78 p. :bil., retr. ;c19 cm.0 aHistoria totalv12 aIncluye 14aAdames Rodríguez, Roque Antonio,cMonseñor d1928-2009xEntrevistas  4aIglesia católicazRepública DominicanaxHistoriaySiglo XX 4aIglesia y Estado en República DominicanaxSiglo xx 4aCleroxEntrevistas 4aRepública DominicanaxHistoriayEra de Trujillo, 1930-1961